Statistiques concernant Focus sur: Roxanne Weasley - Harry Potter

Cliquez ici pour prendre le quiz!

Statistiques générales

  • Ce quiz a été pris 118 fois
  • Le résultat moyen est 5 sur 6

Statistiques - réponses

Informations recherchéesRéponses% Correct
Ecole fréquentéePoudlard
99%
Statut du sangSang-Mêlé
95%
PèreGeorge Weasley
93%
MèreAngelina Johnson
84%
FrèreFred Weasley II
84%
Première mention
(documentaire)
Une année dans la vie de J.K. Rowling
27%

Distribution des résultats

Percentile par nombre de réponses

% des personnes avec chaque résultat

Votre développement - résultats

Vous n’avez pas pris ce quiz